Na úvod Peter Pelach štvrtý Majstrovstvá Európy v streľbe zo vzduchových zbraní

Bibliographic Details
Format: Article
Language:Slovak
ISSN:0139-7001
Subjects:

MARC

LEADER 00000nab a2200000 ar4500
001 vtls008634034
003 SK-MaSNL
005 20260304232123.0
008 060323c20060302xo sr|p|||||||000 b|slo
015 |a SNBRB2006/03  |2 snkbucl 
038 |a SNKBUCL 
040 |a SNKBUCL  |b slo  |c SNKBUCL  |e AACR2 
041 0 |a slo 
044 |a xo  |c SK 
080 |a 799.315.093.1  |x (4)  |2 UDC-MRF-SK2 
245 0 0 |a Na úvod Peter Pelach štvrtý  |b Majstrovstvá Európy v streľbe zo vzduchových zbraní 
611 2 7 |a Majstrovstvá Európy v streľbe zo vzduchových zbraní  |d (2006 :  |c Moskva, Rusko)  |2 snkbucl  |9 1566438 
650 0 7 |a športová streľba  |2 snkbucl  |9 29098 
650 0 7 |a vzduchové zbrane  |2 snkbucl  |9 1096509 
773 0 |t Šport  |g Roč. 60, č. 51 (2.3.2006), s. 38  |x 0139-7001 
999 |c 3192136  |d 3194066